Catálogo
 En Linea

Hábitos de doar e captar recursos no Brasil / (Registro nro. 43837)

Detalles MARC
000 -CABECERA
campo de control de longitud fija 00609nam a2200169 a 4500
001 - NÚMERO DE CONTROL
campo de control 000044348
005 - FECHA Y HORA DE LA ÚLTIMA TRANSACCIÓN
campo de control 20201002045317.0
008 - DATOS DE LONGITUD FIJA--INFORMACIÓN GENERAL
campo de control de longitud fija 140620s2007 bl ab 000 0 spa d
040 ## - FUENTE DE LA CATALOGACIÓN
Centro catalogador/agencia de origen DO-SdBNP
Lengua de catalogación spa
Centro/agencia transcriptor BNPHU
082 ## - NÚMERO DE LA CLASIFICACIÓN DECIMAL DEWEY
Número de clasificación xxxx
Número de documento/Ítem xxxx
100 1# - ENTRADA PRINCIPAL--NOMBRE DE PERSONA
Nombre de persona Brito, Márcia
9 (RLIN) 72353
245 10 - MENCIÓN DE TÍTULO
Título Hábitos de doar e captar recursos no Brasil /
Mención de responsabilidad, etc. Márcia Valéria Marins de Brito, Maria Emília Aureliano de Melo.
260 ## - PUBLICACIÓN, DISTRIBUCIÓN, ETC.
Lugar de publicación, distribución, etc. São Paulo :
Nombre del editor, distribuidor, etc. Peirópolis,
Fecha de publicación, distribución, etc. 2007.
300 ## - DESCRIPCIÓN FÍSICA
Extensión 183 p. :
Otras características físicas il. ;
Dimensiones 23 cm.
500 ## - NOTA GENERAL
Nota general Incluye referencias bibliográficas y notas al pie de las páginas.
700 12 - PUNTO DE ACCESO ADICIONAL--NOMBRE DE PERSONA
Nombre de persona Melo, Maria Emília
9 (RLIN) 72354
Existencias
Estado de retiro Estado de pérdida Restricciones de uso No para préstamo Código de colección Localización permanente Ubicación/localización actual Ubicación en estantería Fecha de adquisición Número de inventario Total de préstamos Signatura topográfica completa Código de barras Fecha visto por última vez Precio válido a partir de Tipo de ítem Koha
      Excluido de préstamo Monografías: Libros y Folletos General General En catalogación 20.06.2014 LF1   xxxx xxxx 44348-10 25.06.2020 25.06.2020 No se presta

Con tecnología Koha